|
|
|
|
| LEADER |
00000cac a2200000 a 4500 |
| 001 |
47821 |
| 003 |
Ucuenca |
| 005 |
20230308211212.0 |
| 008 |
002080|1994 sp |||||r|||||||||||spa|| |
| 020 |
|
|
|a 8475099904
|
| 040 |
|
|
|b spa
|
| 041 |
1 |
|
|a spa
|
| 082 |
0 |
|
|a 231.042
|
| 100 |
1 |
|
|a Gellner, Ernest.
|d 1925-1995
|9 47823
|
| 245 |
|
|
|a Posmodernismo, razón y religión
|c Ernest Gellner
|h imp
|
| 250 |
|
|
|a 1a ed.
|
| 264 |
|
|
|a Barcelona
|b Edit. Paidós
|c 1994
|
| 300 |
|
|
|a 125 páginas:
|c 20 cm
|
| 490 |
|
|
|a Paidós Studio
|n no. 105
|
| 520 |
3 |
|
|a "En cuestiones de fe, cree Ernest Gelner, podemos hoy escoger entre opciones. La primera, el fundamentalismo religioso, es un retorno a la fe firme y genuina, algo particularmente importante en las sociedades musulmanas. La segunda, el ralativismo, la ejemplifica en occidente el movimiento posmoderno, con el que Gellner es severamente crítico y al que causa de abandonarse al subjetivismo más descarnado para explicar los pecados del colonialismo. Y la tercera, que él mismo llama racionalismo ilustrado, sostiene que hay una verdad única pero que ninguna sociedad podrá jamás poseerla definitivamente. Esta última opción, analiza sus virtudes e insuficiencias, y señala que sólo funcionará cuando el hombre esté dispuesto a transigir y a apostar por la búsqueda de la verdad (el método) en vez de por su posesión (la doctrina, ya sea religiosa, marxista o nazi). Y todo ello en un estilo erudito y estimulante que convierte a la obra en una importante contribución anuestro conocimiento del integrismo musulmán, del posmodernismo y de la situación ideológica delmundo contemporáneo en general..."
|
| 650 |
|
|
|a Posmodernidad
|9 4879
|
| 650 |
|
|
|a Fundamentalismo
|9 220224
|
| 650 |
|
|
|a Relativismo cultural
|9 63085
|
| 650 |
|
|
|a Racionalismo ilustrado
|9 220225
|
| 650 |
|
|
|a Religion y politica
|9 100959
|
| 773 |
|
|
|g 125 páginas:
|
| 852 |
|
|
|a UC-CDJBV
|f Compra
|l 1
|m General
|p 20020806
|q 10,95
|r 2
|t 47821
|y 26545
|b 0
|d CDRC
|e CDRC
|g 231.042 PRIMER PISO
|z 2002-20-80
|
| 942 |
|
|
|c CR
|2 ddc
|z luz.vázquez@ucuenca.edu.ec
|
| 999 |
|
|
|c 117990
|d 117990
|